[Event "Oberliga Nord N 2122"]
[Site "Germany"]
[Date "2021.11.21"]
[Round "2.5"]
[White "Hoi, Carsten"]
[Black "Gaede, Derek"]
[Result "0-1"]
[WhiteElo "2348"]
[BlackElo "2265"]
[PlyCount "94"]
[EventDate "2021.10.31"]
[EventType "team-tourn"]
[EventRounds "9"]
[EventCountry "GER"]
[SourceTitle "EXT 2023"]
[Source "ChessBase"]
[SourceDate "2022.10.05"]
[SourceVersion "1"]
[SourceVersionDate "2022.10.05"]
[SourceQuality "1"]
[WhiteTeam "Kiel Turm II"]
[BlackTeam "Hamburger SK III"]
[WhiteTeamCountry "GER"]
[BlackTeamCountry "GER"]

1. d4 Nf6 2. c4 e6 3. Nc3 Bb4 4. e3 0-0 5. Bd3 d5 6. Nge2 b6 7. 0-0 Ba6 8. b3 Nbd7 9. Bb2 Bb7 10. cxd5 exd5 11. Ng3 Re8 12. Re1 a6 13. a3 Bd6 14. Nf5 Bf8 15. b4 g6 16. Nh4 Bd6 17. g3 b5 18. Rb1 Nb6 19. f3 Nc4 20. Bxc4 bxc4 21. Na4 Bc6 22. Bc3 Nh5 23. Nc5 Nxg3 24. hxg3 Bxg3 25. Ng2 Qg5 26. f4 Qh6 27. Qf3 Qh2+ 28. Kf1 a5 29. bxa5 Rab8 30. Ke2 Bxe1 31. Rxe1 Rb5 32. Kd2 Reb8 33. Kc2 h5 34. Bb4 h4 35. Re2 Rxc5 36. dxc5 d4 37. Qxc6 d3+ 38. Kd2 dxe2 39. Ne1 Rd8+ 40. Kc2 Qh3 41. Qxc7 Qf5+ 42. Kb2 Rc8 43. Qb7 Qf6+ 44. Bc3 Qd8 45. Bb4 Rb8 46. Qh1 Qd1 47. Qxh4 Qb3+ 0-1

[Event "Copenhagen GoAudit op"]
[Site "Copenhagen"]
[Date "2021.11.14"]
[Round "7"]
[White "Nielsen, Viktor Haarmark"]
[Black "Hoi, Carsten"]
[Result "0-1"]
[WhiteElo "2263"]
[BlackElo "2348"]
[PlyCount "66"]
[EventDate "2021.11.12"]
[EventType "swiss"]
[EventRounds "7"]
[EventCountry "DEN"]
[SourceTitle "CBM 205 Extra"]
[Source "ChessBase"]
[SourceDate "2022.01.31"]
[SourceVersion "1"]
[SourceVersionDate "2022.01.31"]
[SourceQuality "1"]

1. e4 g6 2. d4 Bg7 3. Nc3 d6 4. Be3 c6 5. Qd2 b5 6. Nf3 Nf6 7. Bd3 Bg4 8. a4 b4 9. Ne2 a5 10. Ng3 Bxf3 11. gxf3 Nbd7 12. h4 h5 13. f4 e5 14. dxe5 dxe5 15. f5 Qe7 16. f3 Rd8 17. Bc4 Nb6 18. Qe2 Rd4 19. Bb3 Nfd7 20. Qa6 Bf6 21. c3 bxc3 22. bxc3 Bxh4 23. Rxh4 Qxh4 24. cxd4 Qxg3+ 25. Ke2 Qh2+ 26. Bf2 exd4 27. fxg6 fxg6 28. Qxa5 d3+ 29. Ke3 Rf8 30. Qg5 Ne5 31. Ra2 Rxf3+ 32. Kd4 c5+ 33. Kxc5 Nbd7+ 0-1